000 00482nam a2200181Ia 4500
008 230711s9999||||xx |||||||||||||| ||und||
020 _a978-81-317-9211-7
041 _aENG
082 _a537
_bFE-T
100 _aFeynman,Richard Phillips
245 4 _aThe Feyman Lectures on Physics V-I
_bMainly,Mechanics, Radiation and Heat
250 _a3rd Ed.
260 _c2014
_aNew Delhi
_bPearson
300 _a52.12p.
650 _aPhysics
700 _aLeighton,Robert B
942 _cBK
999 _c6763
_d6763